00844 2200325 4500001002100000005001500021035002000036007000300056040001700059043000900076100005700085245002000142250001400162300003200176020002200208041001300230082002000243084002000263264004000283336001500323337001300338338001500351650002000366850001200386990002400398990002400422990002400446990002400470990002400494INLIS00000000106916720260602094934 a0010-0626000018ta aJKPNPNAbRDA aa-io aFidelaratMADE PERGI JAUHtFidelaratMADE PERGI JAUH aMADE PERGI JAUH aCetakan I a20 Hlm :bIlustrasi ;c25cm a978-979-26-7153-7 aRDAbIND a899.221 3 FID m a899.221 3 FID m aJakarta :bANAKSALEH PRATAMA,c2008 2rdacontent 2rdamedia 2rdacarrier aFiksi Indonesia aJKPNPNA a48242/DAU PEND/2025 a48243/DAU PEND/2025 a48244/DAU PEND/2025 a48245/DAU PEND/2025 a48246/DAU PEND/2025